Scent and chemistry : the molecular world of odors /
| Main Author: | |
|---|---|
| Other Authors: | , |
| Format: | Book |
| Language: | English |
| Published: |
Zürich : Weinheim :
Verlag Helvetica Chimica Acta ; Wiley-VCH,
[2012]
|
| Edition: | [New and rev. ed.]. |
| Subjects: | |
| Online Access: | Table of contents Contributor biographical information Publisher description |
MARC
| Tag | First Indicator | Second Indicator | Subfields |
|---|---|---|---|
| LEADER | 00000cam a2200000Ia 4500 | ||
| 001 | in00003525921 | ||
| 005 | 20151105212227.0 | ||
| 008 | 120411s2012 sz a b 001 0 eng d | ||
| 010 | |a 2012392165 | ||
| 015 | |a GBB150186 |2 bnb | ||
| 016 | 7 | |a 015795300 |2 Uk | |
| 019 | |a 792762417 |a 793727326 | ||
| 020 | |a 9783906390666 (pbk. : alk. paper) | ||
| 020 | |a 3906390667 (pbk. : alk. paper) | ||
| 029 | 1 | |a AU@ |b 000048348273 | |
| 029 | 1 | |a LQU |b 712012 | |
| 029 | 1 | |a NZ1 |b 14107099 | |
| 035 | |a (OCoLC)ocn726822501 | ||
| 035 | |a (OCoLC)726822501 | ||
| 040 | |a BTCTA |b eng |c BTCTA |d DLC |d YDXCP |d UKMGB |d OHX |d AGL |d BWX |d BDX |d WAU |d HNK |d MYG |d CDX |d AU@ |d CUD |d UOH |d OCLCF |d OCLCQ |d UtOrBLW | ||
| 041 | 1 | |a eng |h ger | |
| 042 | |a lccopycat | ||
| 049 | |a TXAM | ||
| 050 | 0 | 0 | |a TP983 |b .O3413 2012 |
| 070 | 0 | |a TP983 |b .O35 2012 | |
| 082 | 0 | 0 | |a 668/.54 |2 23 |
| 100 | 1 | |a Ohloff, Günther. | |
| 240 | 1 | 0 | |a Riechstoffe und Geruchssinn. |l English |
| 245 | 1 | 0 | |a Scent and chemistry : |b the molecular world of odors / |c Günther Ohloff, Wilhelm Pickenhagen, Philip Kraft. |
| 246 | 3 | 0 | |a Molecular world of odors |
| 250 | |a [New and rev. ed.]. | ||
| 264 | 1 | |a Zürich : |b Verlag Helvetica Chimica Acta ; |a Weinheim : |b Wiley-VCH, |c [2012] | |
| 264 | 4 | |c ©2012 | |
| 300 | |a xi, 418 pages : |b illustrations (some color) ; |c 24 cm | ||
| 336 | |a text |b txt |2 rdacontent | ||
| 337 | |a unmediated |b n |2 rdamedia | ||
| 338 | |a volume |b nc |2 rdacarrier | ||
| 500 | |a "Published jointly by VHCA, Verlag Helvetica Chimica Acta, Zürich, Wiley-VCH Verlag, GmbH & Co. KGaA, Weinheim (Federal Republic of Germany)"--Title page verso. | ||
| 500 | |a First edition published as: Scent and Fragrances. | ||
| 504 | |a Includes bibliographical references and indexes. | ||
| 505 | 0 | 0 | |g 1. |t Historical aspects -- |g 2. |t The chemical senses -- |g 3. |t Structure-odor relationships -- |g 4. |t Odorants from natural sources -- |g 5. |t Odorants from petrochemical sources -- |g 6. |t Ionones, damascones and Iso e super -- |g 7. |t Essential oils -- |g 8. |t Odorants of animal origin -- |t Subject index -- |t Perfume index. |
| 650 | 0 | |a Perfumes. | |
| 650 | 0 | |a Odors. | |
| 650 | 0 | |a Essences and essential oils. | |
| 650 | 7 | |a Essences and essential oils. |2 fast |0 (OCoLC)fst00915449 | |
| 650 | 7 | |a Odors. |2 fast |0 (OCoLC)fst01043912 | |
| 650 | 7 | |a Perfumes. |2 fast |0 (OCoLC)fst01057972 | |
| 700 | 1 | |a Pickenhagen, Wilhelm, |d 1939- | |
| 700 | 1 | |a Kraft, Philip, |c Dr. | |
| 856 | 4 | 1 | |3 Table of contents |u http://catdir.loc.gov/catdir/enhancements/fy1210/2012392165-t.html |t 0 |
| 856 | 4 | 2 | |3 Contributor biographical information |u http://catdir.loc.gov/catdir/enhancements/fy1210/2012392165-b.html |t 0 |
| 856 | 4 | 2 | |3 Publisher description |u http://catdir.loc.gov/catdir/enhancements/fy1210/2012392165-d.html |t 0 |
| 938 | |a Brodart |b BROD |n 100740626 |c $105.00 | ||
| 938 | |a Baker and Taylor |b BTCP |n BK0009838310 | ||
| 938 | |a Coutts Information Services |b COUT |n 17586597 | ||
| 938 | |a Otto Harrassowitz |b HARR |n har125000128 | ||
| 938 | |a YBP Library Services |b YANK |n 7068841 | ||
| 947 | |a A14842990740 | ||
| 945 | |a PromptCat |b 218418 | ||
| 946 | |a stk | ||
| 994 | |a 92 |b TXA | ||
| 948 | |a Cataloged |b h |c 2015/6/10 |d c |e AReeder | f 2:58:37 PM | ||
| 999 | |a MARS | ||
| 999 | f | f | |s 0508d467-a2ca-3785-a770-23ee035cea8d |i 56b81ab2-733e-39b5-a70f-7e18a450f020 |t 0 |
| 952 | f | f | |p normal |a Texas A&M University |b College Station |c Sterling C. Evans Library |s Evans stk |d Evans: Library Stacks |t 0 |e TP983 .O3413 2012 |h Library of Congress classification |i unmediated -- volume |m A14842990740 |
| 998 | f | f | |a TP983 .O3413 2012 |t 0 |l Evans: Library Stacks |